000 00533nam a2200169Ia 4500
999 _c14917
_d14917
003 OSt
005 20201020110443.0
008 190216s9999||||xx |||||||||||||| ||und||
020 _a9789383074747
040 _coclc
082 _a305.420954
_bPAW/W
100 _aPawar, Urmila
_92958
245 0 _aWe Also Made History, Women In The Ambedkarite Movement /
_cUrmila Pawar ; Meenakshi Moon
260 _bZubaan,
_c2014.
_aNew Delhi:
300 _a362p
942 _cBK
_2ddc
_h305.420954
_iPAW/W
_k305.420954
_mPAW/W